| 000 | 00438nam a2200169Ia 4500 | ||
|---|---|---|---|
| 003 | GCL | ||
| 008 | 140319s9999 xx 000 0 ara d | ||
| 040 |
_aGCL / _cGCL |
||
| 082 | 0 | 4 |
_aد _b050 |
| 100 | 1 | _aانيس فهمى | |
| 245 | 1 | 0 |
_aامراض الشتاء ( اقرا 554 ) / _cانيس فهمى |
| 300 | _a122 | ||
| 490 |
_aاقرأ _v0 |
||
| 650 | 0 | 4 | _aالامراض |
| 650 | 0 | 4 | _aالامراض الشائعة |
| 942 |
_2ddc _cBK |
||
| 999 |
_c48912 _d48912 |
||